000 00829 a2200313 4500
260 _aParis
100 _aNORMAN, L. [et al.]
260 _bMcGraw-Hill
245 _aChimie organique : v1 : Structure des molécules. - v2. Réactions. - v3. Applications
300 _a3 v.
650 _aChimie organique
260 _c1987
300 _bfig. ; 27 cm
130 _lFr.
035 _a9572
035 _a9574
035 _a03425
250 _a10e tir.
500 _aTitre original : organic chemistry. - Index à la fin des vol.
020 _a2-7042-0095-5
020 _a2-7042-0096-3
020 _a2-7042-0097
999 _c12654
_d12654